Movie Pictures Starting with H - Statistics

General Stats
  • This quiz has been taken 114 times
    17 since last reset
  • The average score is 15 of 40
Answer Stats
Picture Answer % Correct
Harry Potter
93%
Home Alone
93%
Halloween
79%
How to Train Your Dragon
71%
The Hangover
71%
The Hobbit
71%
Hacksaw Ridge
64%
High School Musical
64%
Hotel Transylvania
64%
Hitch
57%
Horton Hears a Who
57%
Hot Fuzz
57%
Happy Feet
50%
The Human Centipede
50%
The Hunger Games
50%
Hairspray
43%
Heat
43%
Hereditary
43%
The Help
43%
Hateful Eight
36%
Heathers
36%
Hidden Figures
36%
How to Lose a Guy in 10 Days
36%
Heretic
29%
Home
29%
The Hitmans Bodyguard
29%
The Holiday
21%
Happy Death Day
14%
Heads of State
14%
The Hustle
14%
House of Wax
7%
Hunt for the Wilderpeople
7%
The House
7%
Hes Just Not That Into You
0%
Higher and Higher
0%
High Heels and Low Lifes
0%
Holiday Inn
0%
How to Marry a Millionaire
0%
How to Steal a Million
0%
The Hundred Foot Journey
0%
No matching quizzes found
Score Distribution
Percent of People with Each Score
Percentile by Number Answered
Your Score History
You have not taken this quiz since the last reset